| 000 | 00683cam a2200205 a 4500 | ||
|---|---|---|---|
| 001 | 725678 | ||
| 005 | 20240221061420.0 | ||
| 008 | 980326s1998 enk b 001 0 eng | ||
| 020 | _a041506340X (hc. : alk. paper) | ||
| 020 | _a0415063418 (pbk. : alk. paper) | ||
| 040 |
_aDLC _cDLC _dDLC |
||
| 082 | 0 | 0 |
_a320.54 _221 _bNAT. |
| 100 | 1 | _aSmith, Anthony D. | |
| 245 | 1 | 0 |
_aNationalism and modernism : _ba critical survey of recent theories of nations and nationalism / _cAnthony D. Smith. |
| 260 |
_aLondon ; _aNew York : _bRoutledge, _c1998. |
||
| 300 | _axiv, 270 p. ; | ||
| 650 | 0 | _aNationalism. | |
| 856 | 4 | 2 | _uhttp://www.loc.gov/catdir/enhancements/fy0648/98018648-d.html |
| 942 | _cL | ||
| 999 |
_c460 _d460 |
||